Reglas de precios "third best" para empresas reguladas (Registro nro. 24950)

Detalles MARC
000 -LEADER
fixed length control field 00361 a2200121 4500
001 - CONTROL NUMBER
control field ART_47187
005 - DATE AND TIME OF LATEST TRANSACTION
control field 20260410161850.0
008 - FIXED-LENGTH DATA ELEMENTS--GENERAL INFORMATION
fixed length control field 260409a
100 1# - MAIN ENTRY--PERSONAL NAME
Personal name Navajas, Fernando
245 10 - TITLE STATEMENT
Title Reglas de precios "third best" para empresas reguladas
700 1# - ADDED ENTRY--PERSONAL NAME
Personal name Porto, Alberto
773 0# - HOST ITEM ENTRY
Title Económica
Related parts - Año XL, Nº 1 (ene. 1994)
Record control number REV7541

No hay ítems disponibles.